| 000 | 00335nam a2200133Ia 4500 | ||
|---|---|---|---|
| 005 | 20251222144727.0 | ||
| 008 | 251222s9999||||xx |||||||||||||| ||spa|| | ||
| 020 | _a987-98314-0-3 | ||
| 082 | _a657.028.5/P33 | ||
| 100 | _aPazos, Alejandro A. | ||
| 245 | 0 | _aMicrosoft Excel para Contadores: | |
| 264 | _bOmicron System | ||
| 942 | _cLIB | ||
| 999 |
_c18440 _d18440 |
||